Statistics for Top 10 most shots in the Premier League - All time

Click here to take the quiz!

General Stats

  • This quiz has been taken 13 times
  • The average score is 5 of 10

Answer Stats

Answer% Correct
Harry Kane
100%
Mohamed Salah
82%
Sergio Aguero
73%
Wayne Rooney
64%
Robin Van Persie
45%
Steven Gerrard
45%
Frank Lampard
36%
Jermain Defoe
36%
Raheem Sterling
18%
Romelu Lukaku
9%

Score Distribution

Percentile by Number Answered

Percent of People with Each Score

Your Score History

You have not taken this quiz